Les fromages par image - Statistiques

Statistiques générales
  • Ce quiz a été pris 283 fois
    132 depuis la dernière actualisation
  • Le résultat moyen est 12 sur 18
Statistiques - réponses
Par images Réponse % Correct
Camembert
94%
Feta
94%
Mozzarella
89%
Brie
87%
Emmental
84%
Roquefort
84%
Mont d'Or
78%
Parmesan
76%
Mimolette
70%
Cheddar
69%
Gorgonzola
59%
Saint Nectaire
59%
Fourme d'Ambert
57%
Cantal
51%
Munster
50%
Rocamadour
37%
Valençay
17%
Selles-sur-Cher
16%
Aucun quiz correspondant
Distribution des résultats
% des personnes avec chaque résultat
Percentile par nombre de réponses
Votre historique - résultats
Vous n’avez pas pris ce quiz depuis la dernière actualisation